Property rights and the role of the state: evidence from the horn of Africa (Record no. 52601)

000 -LEADER
fixed length control field 01271pab a2200157 454500
008 - FIXED-LENGTH DATA ELEMENTS--GENERAL INFORMATION
fixed length control field 180718bOct xxu||||| |||| 00| 0 eng d
100 ## - MAIN ENTRY--PERSONAL NAME
Personal name Joireman, S.F.
245 ## - TITLE STATEMENT
Title Property rights and the role of the state: evidence from the horn of Africa
260 ## - PUBLICATION, DISTRIBUTION, ETC.
Date of publication, distribution, etc. Oct
300 ## - PHYSICAL DESCRIPTION
Extent p.1-28.
362 ## - DATES OF PUBLICATION AND/OR SEQUENTIAL DESIGNATION
Dates of publication and/or sequential designation 2001
520 ## - SUMMARY, ETC.
Summary, etc. This study applies extant theories of property rights change to three land tenure systems in Imperial Ethiopia. Two of the areas underwent changes in property rights after experiencing changes in the value of land; one did not. A data set of litigation over land rights is used in conjunction with case studies to understand the mechanisms motivating or impeding property rights change. Amendments to the role of the state are suggested and two conclusions are reached: (1) that movement towards greater specificity of land rights did not always occur; and (2) the changes in property rights that occurred were imposed from above, rather than occurring endogenously. Where property rights changes did not occur, they appear to have been blocked by the state, which was more concerned with political survival than with revenue maximisation. - Reproduced.
650 ## - SUBJECT ADDED ENTRY--TOPICAL TERM
Topical term or geographic name entry element Right to property
773 ## - HOST ITEM ENTRY
Main entry heading Journal of Development Studies
909 ## -
-- 52601
Holdings
Withdrawn status Lost status Damaged status Not for loan Permanent Location Current Location Date acquired Serial Enumeration / chronology Barcode Date last seen Price effective from Koha item type
        Indian Institute of Public Administration Indian Institute of Public Administration 2018-07-19 Volume no: 38, Issue no: 1 AR53031 2018-07-19 2018-07-19 Articles

Powered by Koha